Southville International School and Colleges
Your cart is empty.
  • Cart
  • Lists
    Public lists Eva Luna New books Lux_list list_1
    Your lists Log in to create your own lists
  • Log in to your account
  • Your cookies
  • Search history
Southville International School and Colleges
  • Advanced search
  • Recent comments
  • Most popular
  • Libraries

Log in to your account

Log in with GOOGLE


If you do not have an external account, but do have a local account, you can still log in:

  1. Home
  2. MARC view: Play theraphy techniques /
Normal view MARC view ISBD view

Play theraphy techniques / (Record no. 356342)

[ view plain ]
MARC details
000 -LEADER
fixed length control field 00405nam a2200157Ia 4500
003 - CONTROL NUMBER IDENTIFIER
control field 0
005 - DATE AND TIME OF LATEST TRANSACTION
control field 20260122103640.0
008 - FIXED-LENGTH DATA ELEMENTS--GENERAL INFORMATION
fixed length control field 180323s9999 xx 000 0 und d
020 ## - INTERNATIONAL STANDARD BOOK NUMBER
International Standard Book Number 765703602
100 ## - MAIN ENTRY--PERSONAL NAME
Personal name Schaefer, Charles E.
245 ## - TITLE STATEMENT
Statement of responsibility, etc Cangelosi, Donna M.
Title Play theraphy techniques /
250 ## - EDITION STATEMENT
Edition statement 2nd ed
260 ## - PUBLICATION, DISTRIBUTION, ETC. (IMPRINT)
Place of publication, distribution, etc USA :
Name of publisher, distributor, etc Jason Aronson Inc.
Date of publication, distribution, etc 2002
300 ## - PHYSICAL DESCRIPTION
Extent xi, 377 pages
942 ## - ADDED ENTRY ELEMENTS (KOHA)
Source of classification or shelving scheme Library of Congress Classification
Koha item type Books
Holdings
Withdrawn status Lost status Damaged status Home library Current library Shelving location Date acquired Source of acquisition Total Checkouts Full call number Barcode Date last seen Price effective from Koha item type
      College Library College Library General Circulation Section 03/23/2018     RJ 505.P6 .S27 2002 C21444 03/23/2018 03/23/2018 Books

Play theraphy techniques /

APA

Schaefer C. E., . (2002). Play theraphy techniques. USA: Jason Aronson Inc.

Chicago

Schaefer Charles E, . 2002. Play theraphy techniques. USA: Jason Aronson Inc.

Harvard

Schaefer C. E., . (2002). Play theraphy techniques. USA: Jason Aronson Inc.

MLA

Schaefer Charles E, . Play theraphy techniques. USA: Jason Aronson Inc. 2002.

  • Place hold
  • Print
  • Cite
  • Add to your cart (remove)
  • Save record
    BIBTEX Dublin Core MARCXML MARC (non-Unicode/MARC-8) MARC (Unicode/UTF-8) MARC (Unicode/UTF-8, Standard) MODS (XML) RIS
  • More searches
    Search for this title in:
    Other Libraries (WorldCat) Other Databases (Google Scholar) Online Stores (Bookfinder.com) Open Library (openlibrary.org)

Exporting to Dublin Core...

SOUTHVILLE LIBRARY

Southville International School and Colleges Library

1281 Tropical Ave. Cor. Luxembourg St., BF Homes International, Las Pinas City

Tel. No. 8256374 / 252358 Loc. 117/146

Powered by Koha